| 000 | 01272nam0a22002531 4500 | ||
|---|---|---|---|
| 001 | v19\rc\1307840 | ||
| 005 | 20260407100438.0 | ||
| 035 | _a(NLR Aleph) 004465135 | ||
| 090 |
_a4536346 _c4536346 |
||
| 100 | _a20060512d1898 |||y0rusy50 ca | ||
| 101 | 0 | _arus | |
| 102 | _aRU | ||
| 105 | _ay z ||||| | ||
| 200 | 1 |
_aО приобретении в г. Ростове на Дону земельного участка в 30 кв. саж., занятого двором дома местных почтово-телеграфных учреждений _fМ-во вн. дел. Глав. упр. почт и телеграфов |
|
| 210 |
_a[Санкт-Петербург _d1898] |
||
| 215 | _a2 с. | ||
| 300 | _aВ штампе дата: 11 дек. 1898 г. | ||
| 532 | 1 | 2 | _aО приобретении в городе Ростове на Дону земельного участка в 30 кв. саж., занятого двором дома местных почтово-телеграфных учреждений |
| 710 | 0 | 1 |
_aРоссия _bГлавное управление почт и телеграфов _3RU\NLR\AUTH\889927044 _9349754 |
| 801 | 0 |
_aRU _bNLR _gpsbo |
|
| 801 | 1 |
_aRU _bProSoft-M _2rusmarc |
|
| 852 |
_aNLR _j18.190.1.381 |
||
| 942 | _cBOOK | ||
| 980 | _aNB | ||